Les 30 joueurs les + chers de Tottenham - Statistiques

Statistiques générales
  • Ce quiz a été pris 191 fois
    74 depuis la dernière actualisation
  • Le résultat moyen est 18 sur 30
Statistiques - réponses
# Saison Provenance Poste Valeur du transfert Pays Réponse % Correct
1 25/26 RB Leipzig M 65 000 000 € Xavi Simons
91%
5 22/23 Everton FC A 58 000 000 € Richarlison
85%
3 25/26 West Ham United A 63 800 000 € Mohammed Kudus
83%
14 25/26 FC Bayern München A 35 000 000 € Mathys Tel
82%
7 22/23 Atalanta BC D 52 000 000 € Cristian Romero
80%
4 19/20 Olympique Lyonnais M 62 000 000 € Tanguy Ndombélé
78%
8 23/24 Leicester City FC M 46 300 000 € James Maddison
72%
22 15/16 Bayer 04 Leverkusen A 30 000 000 € Heung-min Son
71%
28 25/26 RC Lens D 25 000 000 € Kevin Danso
71%
2 24/25 AFC Bournemouth A 64 300 000 € Dominic Solanke
69%
13 23/24 VfL Wolfsburg D 40 000 000 € Micky van de Ven
69%
11 23/24 Sporting CP D 40 000 000 € Pedro Porro
69%
6 23/24 Nottingham Forrest FC A 55 000 000 € Brennan Johnson
68%
12 25/26 Atlético de Madrid M 40 000 000 € Conor Gallagher
65%
25 17/18 Paris Saint-Germain A 28 400 000 € Lucas Moura
65%
9 17/18 AFC Ajax D 42 000 000 € Davinson Sánchez
63%
17 23/24 Juventus M 30 000 000 € Dejan Kulusevski
63%
30 23/24 Genoa CFC D 25 000 000 € Radu Drăgușin
58%
16 20/21 Real Betis Balompié M 32 000 000 € Giovanni Lo Celso
57%
24 22/23 Brighton & Hove Albion M 29 200 000 € Yves Bissouma
55%
15 16/17 Newcastle United FC M 35 000 000 € Moussa Sissoko
51%
23 24/25 Burnley FC A 29 300 000 € Wilson Odobert
48%
10 24/25 Leeds United FC D 41 250 000 € Archie Gray
43%
29 21/22 FC Barcelona D 25 000 000 € Emerson Royal
38%
27 21/22 Sevilla FC A 25 000 000 € Bryan Gil
35%
21 13/14 AS Roma A 30 000 000 € Erik Lamela
35%
20 20/21 Real Madrid CF D 30 000 000 € Sergio Reguilón
34%
18 19/20 PSV Eindhoven A 30 000 000 € Steven Bergwijn
32%
26 19/20 Fulham FC D 27 000 000 € Ryan Sessegnon
31%
19 13/14 Valencia CF A 30 000 000 € Roberto Soldado
18%
Aucun quiz correspondant
Distribution des résultats
% des personnes avec chaque résultat
Percentile par nombre de réponses
Votre historique - résultats
Vous n’avez pas pris ce quiz depuis la dernière actualisation